000
00276nam a22001337a 4500
008
221111b ||||| |||| 00| 0 eng d
041
_a
eng
080
_a
32
082
_a
32
100
_a
20
101
_a
SHP
245
_a
ALL COHERENCE GONE
_c
HARRIS V
942
_2
udc
_c
BK
999
_c
58868
_d
58868